Video Game Adaptations of TV Shows Quiz Stats

 Plays Quiz Updated Mar 1, 2016

Also try: TV by T-Shirt
Challenge
Share
Tweet
Score 0/20 Timer 08:00
0 Plays Today
% Correct
SpongeBob SquarePants (SpongeBob SquarePants: Plankton's Robotic Revenge)
98.5%
South Park (South Park: The Stick of Truth)
97.3%
The Simpsons (The Simpsons Hit & Run)
97.2%
Game of Thrones (Game of Thrones)
97%
Teenage Mutant Ninja Turtles (Teenage Mutant Ninja Turtles: The Arcade Game)
96.1%
Tom and Jerry (Tom and Jerry in War of the Whiskers)
95.7%
Scooby-Doo, Where Are You! (Scooby-Doo! First Frights)
94.8%
Family Guy (Family Guy Video Game!)
94.8%
Futurama (Futurama)
93.9%
Mighty Morphin Power Rangers (Mighty Morphin Power Rangers)
93.8%
% Correct
The Walking Dead (The Walking Dead: Survival Instinct)
93.8%
The Office (The Office)
91.7%
Hell's Kitchen (Hell's Kitchen: The Game)
91.4%
Lost (Lost: Via Domus)
89.6%
24 (24: The Game)
86%
The X-Files (The X-Files: Resist or Serve)
84.7%
Prison Break (Prison Break: The Conspiracy)
83%
Buffy the Vampire Slayer (Buffy the Vampire Slayer)
81.9%
CSI: Las Vegas (CSI: Hard Evidence)
68.8%
Psych (Psych)
57%

You're not logged in!

Compare scores with friends on all Sporcle quizzes.
Join for Free
OR
Log In

You Might Also Like...

Show Comments

Extras

Top Quizzes Today


Score Distribution

Your Account Isn't Verified!

In order to create a playlist on Sporcle, you need to verify the email address you used during registration. Go to your Sporcle Settings to finish the process.

Report this User

Report this user for behavior that violates our Community Guidelines.

Details: